The DaVinci code. (Record no. 11961)

MARC details
000 -LEADER
fixed length control field 00501nam a22001932 4500
001 - CONTROL NUMBER
control field 0000005870
005 - DATE AND TIME OF LATEST TRANSACTION
control field 20151217155212.0
008 - FIXED-LENGTH DATA ELEMENTS--GENERAL INFORMATION
fixed length control field 070725s xx 000 0 eng d
020 ## - INTERNATIONAL STANDARD BOOK NUMBER
International Standard Book Number 0552154016 :
Terms of availability GBP 6.99
040 ## - CATALOGING SOURCE
Original cataloging agency KABU
Transcribing agency KABU
050 #0 - LIBRARY OF CONGRESS CALL NUMBER
Classification number PS3552
Item number .R69D38
100 1# - MAIN ENTRY--PERSONAL NAME
Personal name Brown, Dan.
-- 0000157130
245 14 - TITLE STATEMENT
Title The DaVinci code.
260 ## - PUBLICATION, DISTRIBUTION, ETC. (IMPRINT)
Place of publication, distribution, etc. London :
Name of publisher, distributor, etc. Transworld,
Date of publication, distribution, etc. 2003.
300 ## - PHYSICAL DESCRIPTION
Extent 604 p.
908 ## - PUT COMMAND PARAMETER (RLIN)
Put command parameter 070725
950 ## - LOCAL HOLDINGS (RLIN)
-- 1
Holdings
Withdrawn status Lost status Source of classification or shelving scheme Not for loan Home library Current library Date acquired Total Checkouts Total Renewals Full call number Barcode Date last seen Date last checked out Price effective from Koha item type
    Library of Congress Classification   Kabarak, Main Campus Kabarak, Main Campus 17/12/2015 41 2 PS3552 .R69D38 010211 22/01/2025 20/01/2025 17/12/2015 General Collection
Designed with assistance from East African Informatics Ltd